| 000 | 01535nam a2200397Ia 4500 | ||
|---|---|---|---|
| 001 | ebr10440617 | ||
| 003 | CaPaEBR | ||
| 006 | m u | ||
| 007 | cr cn||||||||| | ||
| 008 | 100614s2011 caua sb s001 0 eng d | ||
| 010 | _z 2010023442 | ||
| 020 | _z0520267028 | ||
| 020 | _z9780520267022 | ||
| 040 |
_aCaPaEBR _cCaPaEBR |
||
| 035 | _a(OCoLC)703168400 | ||
| 050 | 1 | 4 |
_aP211.3.E3 _bB34 2011eb |
| 100 | 1 | _aBagnall, Roger S. | |
| 245 | 1 | 0 |
_aEveryday writing in the Graeco-Roman East _h[electronic resource] / _cRoger S. Bagnall. |
| 260 |
_aBerkeley : _bUniversity of California Press, _cc2011. |
||
| 300 |
_axiv, 179 p. : _bill. |
||
| 490 | 1 |
_aSather classical lectures ; _vv. 69 |
|
| 504 | _aIncludes bibliographical references and index. | ||
| 533 |
_aElectronic reproduction. _bPalo Alto, Calif. : _cebrary, _d2011. _nAvailable via World Wide Web. _nAccess may be limited to ebrary affiliated libraries. |
||
| 650 | 0 |
_aCoptic inscriptions _zEgypt. |
|
| 650 | 0 |
_aGraffiti _xHistory. |
|
| 650 | 0 |
_aManuscripts, Greek (Papyri) _zEgypt. |
|
| 650 | 0 | _aOstraka. | |
| 650 | 0 |
_aPrinted ephemera _xHistory. |
|
| 650 | 0 |
_aSyriac language _vTexts. |
|
| 650 | 0 |
_aWritten communication _zEgypt _xHistory. |
|
| 650 | 0 |
_aWritten communication _zMiddle East _xHistory. |
|
| 655 | 7 |
_aElectronic books. _2local |
|
| 710 | 2 | _aebrary, Inc. | |
| 830 | 0 |
_aSather classical lectures ; _vv. 69. |
|
| 856 | 4 | 0 |
_uhttp://site.ebrary.com/lib/rucke/Doc?id=10440617 _zAn electronic book accessible through the World Wide Web; click to view |
| 999 |
_c245566 _d245566 |
||